书目信息 |
| 题名: |
激光物理
|
|
| 作者: | 朱如曾 编译 | |
| 分册: | ||
| 出版信息: | 北京 国防工业出版社 1975 |
|
| 页数: | 490页 | |
| 开本: | 20cm | |
| 丛书名: | ||
| 单 册: | ||
| 中图分类: | TN248.2 | |
| 科图分类: | ||
| 主题词: | 激光技术 , 微波激射技术 | |
| 电子资源: | ||
| ISBN: | ||
| 000 | 00610nam0 2200229 45 | |
| 001 | 0175002222 | |
| 005 | 20070930150917.32 | |
| 010 | @dCNY1.90 | |
| 100 | @a19951012d1975 em y0chiy0121 ea | |
| 101 | 0 | @achi |
| 102 | @aCN@b110000 | |
| 105 | @ay z 000yy | |
| 200 | 10 | @a激光物理@Aji guang wu li@f朱如曾编译@FZhu Ru Ceng Bian Yi |
| 210 | @a北京@c国防工业出版社@d1975 | |
| 215 | @a490页@d20cm | |
| 606 | 0 | @a激光技术 |
| 606 | 0 | @a微波激射技术 |
| 690 | @aTN248.2@v3 | |
| 701 | 0 | @a朱如曾@Azhu ru zeng@4编译 |
| 801 | 2 | @aCN@bNLC@c20070930 |
| 801 | 0 | @aCN@b广东省中山图书馆@c20060801 |
| 905 | @dTN248.2@e62 | |
| 激光物理/朱如曾编译.-北京:国防工业出版社,1975 |
| 490页;20cm |
| ISBN :CNY1.90 |
| ● |
| 相关链接 |
|
|
|
|
正题名:激光物理
索取号:TN248.2/62
 
预约/预借
| 序号 | 登录号 | 条形码 | 馆藏地/架位号 | 状态 | 备注 |
| 1 | 0011295 | 001462401 | 密集书库/ [索取号:TN248.2/62] | 在馆 | |
| 2 | 626265 | 206262658 | 密集书库/ [索取号:TN248.2/62] | 在馆 |